Classics of Literature by Character - Statistics

General Stats
  • This quiz has been taken 244 times
  • The average score is 7 of 10
Answer Stats
Question Answer % Correct
Scout Finch, Atticus Finch, Tom Robinson To Kill a Mockingbird
93%
Nick Carraway, Daisy Buchanan, Jordan Baker The Great Gatsby
92%
Edmond Dantès, Fernand Mondego, Baron Danglars The Count of Monte Cristo
80%
Alexei Vronsky, Kitty Shcherbatskaya, Nikolai Levin Anna Karenina
79%
Edward Rochester, Helen Burns, St. John Rivers Jane Eyre
78%
Jonathan Harker, Lucy Westenra, Mina Murray Dracula
64%
Mr Knightley, Frank Churchill, Harriet Smith Emma
55%
Emma Rouault, Rodolphe Boulanger, Léon Dupuis Madame Bovary
53%
Bernard, Louis, Rhoda The Waves
48%
Max de Winter, Mrs Danvers, Jack Favell Rebecca
43%
No matching quizzes found
Score Distribution
Percent of People with Each Score
Percentile by Number Answered
Your Score History
You have not taken this quiz